| 000 | 00749nam a2200229Ia 4500 | ||
|---|---|---|---|
| 003 | GCL | ||
| 005 | 20240530104906.0 | ||
| 008 | 140319s9999 xx 000 0 ara d | ||
| 040 |
_aGCL / _cGCL |
||
| 082 | 0 | 4 |
_a745 _bم ت |
| 100 | 1 | _aاكرم قانصو | |
| 245 | 1 | 0 |
_aالتصوير الشعبى العربى / _cاكرم قانصو |
| 260 |
_aالكويت : _bالمجلس الوطنى للثقافة والفنون والاداب ، _c1995 |
||
| 300 |
_a301 ص ؛ _c16 سم |
||
| 490 |
_aعالم المعرفة _v203 |
||
| 650 | 0 | 4 | _aالرسم |
| 650 | 0 | 4 | _aالفنون التشكيلية |
| 650 | 0 | 4 | _aاللوحات الفنية |
| 650 | 0 | 4 | _aالفلكلور العربى |
| 650 | 0 | 4 | _aالرموز فى الفن |
| 942 |
_2ddc _cBK |
||
| 999 |
_c51527 _d51527 |
||